| 000 | 00375nam a2200145Ia 4500 | ||
|---|---|---|---|
| 999 |
_c6433 _d6433 |
||
| 020 | _a9780199547463 | ||
| 082 | _aRR423.31 OXF- | ||
| 245 | 0 | _aOxford dictionary of modern quotations | |
| 250 | _a3rd | ||
| 260 |
_aNew Delhi _bOxford University Press _c2008 |
||
| 300 | _axiii, 479 | ||
| 650 |
_aQuotatious, English _vDictionaries |
||
| 700 | _aKnowles, Elizabeth | ||
| 942 | _cBK | ||